000 00448nam a2200145 i 4500
001 76331
003 ES-MaACL
005 20230906172814.0
007 t|
008 040930s1934 sp ||||1| spa d
245 0 3 _aLa guerra en el Chaco y la Liga de las Naciones
_b: recopilación de artículos del diario chileno El imparcial.
260 _aSantiago de Chile :
_bEl Imparcial,
_c1934.
300 _a51 p. ;
_c26 cm.
852 _aES-MaACL
_j1802-F-7
999 _c76331
_d76331